| 000 | 01175nam a22003257a 4500 | ||
|---|---|---|---|
| 003 | CHAP | ||
| 005 | 20220329141008.0 | ||
| 008 | 971013s r 00010 d | ||
| 010 | _a61046 | ||
| 011 | _a62018 | ||
| 035 | _a66190 | ||
| 040 | _cCHAP | ||
| 090 | _aR-3789 | ||
| 100 | 0 | 0 |
_aRzedowski Rotter, Jerzy. _9101052 |
| 245 | 1 | _aDatos sobre la dinámica de la flora fanerogámica del Valle de México con énfasis en especies nativas raras, en peligro de extinción y aparentemente extintas | |
| 500 | _aSobretiro de : Acta Botánica Mexicana 25 : 81-108, 1993 | ||
| 590 |
_aBATCH-UPD _b10 _c20130110 _lUCH01 _h0059 |
||
| 590 |
_aBATCH-UPD _b10 _c20130110 _lUCH01 _h2042 |
||
| 590 |
_aBATCH-UPD _b10 _c20130409 _lUCH01 _h2049 |
||
| 590 |
_aBATCH-UPD _b10 _c20130410 _lUCH01 _h1356 |
||
| 590 |
_aBATCH-UPD _b10 _c20130914 _lUCH01 _h0735 |
||
| 590 |
_aCONVERSION _b10 _c20130109 _lUCH01 _h1333 |
||
| 650 | 1 | 4 |
_aBotánica _xValle de México. _914631 |
| 650 | 1 | 4 |
_aFanerógamas. _939416 |
| 650 | 1 | 4 |
_aPlantas _xExtinción. _988836 |
| 700 | 0 |
_aCalderón de Rzedowski, Graciela. _917385 |
|
| 901 | _aBK | ||
| 942 | _cREIMP | ||
| 949 |
_aR-3789 _bBC _cR _d33724000615480 _eTS1 _i66190 _si |
||
| 999 |
_c61046 _d61046 |
||